Paesi che Confinano con L'Iran - Statistics

Statistiche generali
  • Questo quiz è stato fatto 5.300 volte
  • Il punteggio medio è 6 su 7
Risposte nella Mappa
Le risposte nella mappa del quiz sottostante sono codificate secondo una scala di colori dal rosso al verde in base alla % di persone che hanno risposto correttamente.
 
Statistiche sulle risposte
Paese % Corretto
Iraq
99%
Afghanistan
93%
Pakistan
90%
Armenia
87%
Turchia
86%
Turkmenistan
86%
Azerbaijan
83%
Nessun quiz corrispondente trovato
Distribuzione punteggi
Percentuale di utenti per punteggio
Percentile per numero di risposta
I tuoi punteggi nel tempo
Non hai fatto questo quiz